000 00693nam a2200289Ia 4500
005 20260324131521.0
008 008 260324s9999 xx 000 0 eng d
020 _a9781315249599
037 _aEBOOK
040 _aCRL
040 _beng
040 _cCRL
041 _2eng
041 _aeng
084 _qCRL
100 _aMihoko Suzuki
_91098534
245 0 _aMary Carleton
245 0 _bPrinted Writings 1641–1700: Series II, Part Three, Volume 6
260 _bTaylor and Francis
260 _c2006
365 _a
365 _b150
856 _uhttp://www.taylorfrancis.com/books/9781315249599
942 _cEBOOK
999 _c1783040
_d1783040